| 000 | 00357nam a22001577a 4500 | ||
|---|---|---|---|
| 003 | OSt | ||
| 005 | 20240408151952.0 | ||
| 008 | 190429b xxu||||| |||| 00| 0 eng d | ||
| 020 | _a978-81-7409-248-9 | ||
| 040 | _cIIMT UNIVERSITY | ||
| 100 | _aGREWAL | ||
| 245 | _aNUMERICAL METHODS | ||
| 260 |
_bKHANNA PUB _c2008 |
||
| 300 | _a594 | ||
| 942 |
_2ddc _c02 |
||
| 999 |
_c46943 _d46943 |
||